[Event "Kuala Lumpur UM KPT op"]
[Site "Kuala Lumpur"]
[Date "2016.12.18"]
[Round "9"]
[White "Yap, Ehin Dallas"]
[Black "Ngiu, Syuen"]
[Result "1-0"]
[WhiteElo "1340"]
[BlackElo "1340"]
[PlyCount "66"]
[EventDate "2016.12.16"]
[EventType "swiss"]
[EventRounds "9"]
[EventCountry "MAS"]
[SourceTitle "CBM 176 Extra"]
[Source "ChessBase"]
[SourceDate "2017.03.02"]
[SourceVersion "1"]
[SourceVersionDate "2017.03.02"]
[SourceQuality "1"]

1. e4 c5 2. Bc4 Nc6 3. Nf3 g6 4. 0-0 Bg7 5. c3 d6 6. d4 cxd4 7. cxd4 e6 8. d5 exd5 9. exd5 Nce7 10. Re1 Nf6 11. Qe2 Bf5 12. Nc3 Rc8 13. Bb5+ Bd7 14. Bxd7+ Qxd7 15. Qb5 Qxb5 16. Nxb5 a6 17. Nxd6+ Kd7 18. Nxc8 Rxc8 19. Bf4 Nfxd5 20. Be5 Bh6 21. Rad1 Ke8 22. Bd6 Ne3 23. fxe3 Nf5 24. Bf4 Bf8 25. e4 Bc5+ 26. Kh1 Ne7 27. e5 Nc6 28. e6 fxe6 29. Rxe6+ Kf7 30. Re2 Kg7 31. Ne5 Nd4 32. Red2 Ne6 33. Rd7+ Kf6 1-0

[Event "Kuala Lumpur UM KPT op"]
[Site "Kuala Lumpur"]
[Date "2016.12.16"]
[Round "2"]
[White "Ngiu, Syuen"]
[Black "Nazri, Nur Aina Syamimi"]
[Result "0-1"]
[WhiteElo "1340"]
[BlackElo "1214"]
[PlyCount "74"]
[EventDate "2016.12.16"]
[EventType "swiss"]
[EventRounds "9"]
[EventCountry "MAS"]
[SourceTitle "CBM 176 Extra"]
[Source "ChessBase"]
[SourceDate "2017.03.02"]
[SourceVersion "1"]
[SourceVersionDate "2017.03.02"]
[SourceQuality "1"]

1. d4 d5 2. c4 e5 3. e3 exd4 4. exd4 Nf6 5. Nf3 c6 6. Bd3 dxc4 7. Bxc4 Bd6 8. Nc3 Bg4 9. Bg5 Nbd7 10. 0-0 0-0 11. Ne4 Be7 12. h3 Nxe4 13. Bxe7 Qxe7 14. hxg4 Ng5 15. Nxg5 Qxg5 16. Re1 Nf6 17. Re5 Qxg4 18. Be2 Qd7 19. Qd3 Rae8 20. Rg5 h6 21. Rg3 Re4 22. Rd1 Rd8 23. Qc4 Rxd4 24. Rxd4 Qxd4 25. Qxd4 Rxd4 26. Rd3 Rxd3 27. Bxd3 Nd5 28. Bf5 g6 29. Bc8 b6 30. Bb7 Ne7 31. Kf1 c5 32. Ke2 f5 33. Kf3 Kf7 34. Kg3 g5 35. f4 Kf6 36. Kf3 Ng6 37. fxg5+ hxg5 0-1